El caribe en la nacion colombiana : (Registro nro. 48247)

Detalles MARC
000 -LEADER
fixed length control field 01151nam a2200277 4500
001 - CONTROL NUMBER
control field 0000023038
003 - CONTROL NUMBER IDENTIFIER
control field CO-CtgCURN
005 - DATE AND TIME OF LATEST TRANSACTION
control field 20250506203501.0
008 - FIXED-LENGTH DATA ELEMENTS--GENERAL INFORMATION
fixed length control field 160627s2006 000 0 eng d
020 ## - INTERNATIONAL STANDARD BOOK NUMBER
International Standard Book Number 9588250315
040 ## - CATALOGING SOURCE
Original cataloging agency CO-CtgCURN
Language of cataloging spa
Transcribing agency coctgcurn
082 0# - DEWEY DECIMAL CLASSIFICATION NUMBER
Classification number 986.11
Item number C277
110 1# - MAIN ENTRY--CORPORATE NAME
Corporate name or jurisdiction name as entry element Catedra Anual de Historia Ernesto Restrepo Tirado.
245 13 - TITLE STATEMENT
Title El caribe en la nacion colombiana :
Remainder of title memorias /
Statement of responsibility, etc. Catedra anual de historia Ernesto Restrepo Tirado , compilador Alberto Abello Vives.
260 ## - PUBLICATION, DISTRIBUTION, ETC.
Place of publication, distribution, etc. Bogotá :
Name of publisher, distributor, etc. Museo Nacional de Colombia,
Date of publication, distribution, etc. 2006.
300 ## - PHYSICAL DESCRIPTION
Extent 551p. p.
336 ## - CONTENT TYPE
Source rdacontent
337 ## - MEDIA TYPE
Source rdamedia
Media type term sin mediacion
Media type code n
338 ## - CARRIER TYPE
Source rdacarrier
Carrier type term volumen
Carrier type code nc
505 8# - FORMATTED CONTENTS NOTE
Formatted contents note Arqueología y lenguas.--Region y poblamiento.--Historia.--Poblacion.--Los pueblos indigenas del caribe colombiano.--Migraciones al caribe.--Cultura
650 #0 - SUBJECT ADDED ENTRY--TOPICAL TERM
Topical term or geographic name entry element Cultura popular
General subdivision Congresos, conferencias, etc.
Geographic subdivision Caribe (Region, Colombia)
700 1# - ADDED ENTRY--PERSONAL NAME
Personal name Abello Vives, Alberto,
Relator term Compilador.
908 ## - PUT COMMAND PARAMETER (RLIN)
Put command parameter 160627
942 ## - ADDED ENTRY ELEMENTS (KOHA)
Koha item type Libros
Classification part 986.11
Item part C277
Source of classification or shelving scheme Dewey Decimal Classification
999 ## - SYSTEM CONTROL NUMBERS (KOHA)
-- 1
Existencias
Withdrawn status Lost status Source of classification or shelving scheme Damaged status Not for loan Home library Current library Shelving location Date acquired Total checkouts Full call number Barcode Date last seen Price effective from Koha item type
    Dewey Decimal Classification     Miguel Henríquez Castañeda Miguel Henríquez Castañeda General 03/04/2019   986.11 C277 012545 03/04/2019 03/04/2019 Libros